Czy to nazwa motyla czy ryby - Statystyki

Ogólne statystyki
  • Ten quiz został rozwiązany 73 razy
    72 od ostatniego zresetowania
  • Średni wynik to 11 z 18
Statystyki odpowiedzi
Zagadnienie Odpowiedź % Poprawnych
Pawica gruszówka Motyl
91%
Przylepek brodacznik Motyl
82%
Agatówka łobodnica Motyl
82%
Zmierzchnica trupia główka Motyl
82%
Gurami olbrzymi Ryba
82%
Miętus pospolity Ryba
82%
Szczotecznica szarawka Motyl
73%
Niedźwiedziówka krasa Motyl
73%
Tilapia mozambijska Ryba
73%
Arowana srebrna Ryba
73%
Pyszczak grubowargi Ryba
73%
Kirys żółtopasy Ryba
64%
Barczatka kataks Motyl
55%
Otosek plamisty Ryba
45%
Śpioszka marmurkowa Ryba
36%
Oryzias dancena Ryba
27%
Kaczorek celebeski Ryba
18%
Przeplatka atalia Ryba
18%
Nie znaleziono quizów pasujących do podanych kryteriów
Rozkład punktacji
Procent ludzi z każdym wynikiem
Percentyl według liczby udzielonych odpowiedzi
Twoja historia wyników
Nie rozwiązałeś tego quizu od ostatniego zresetowania